000 00391nam a22001577a 4500
020 _a0-07-463981-1
041 _aENG
100 _aMargaret Levine Young
245 _aInternet Millennium Edition
250 _aMillennium Edition
260 _aDelhi
_bTata Mcgraw Hill Education Private Limited
_c1993
300 _a956
650 _aComputer
700 _aDoug Muder
856 _uComputer
999 _c23
_d23